000 00603nam a22001337a 4500
040 _cRUA
082 _aAGR KOE 2015 B556 Or.1
100 _aKOENG NARITHY; កឹង ណារិទ្ធី
245 _aEffect of organic fertilizers on celery cabbage ( Brassica chinensis L) at saang district, kandal province; ឥទ្ធិពលជីធម្មជាតិលើដំណាំស្ពៃចង្កឹះនៅស្រុកស្អាង ខេត្តកណ្តាល
260 _aPhnom Penh
_bRUA
_c2015
300 _axi; 38p;
_bill;
_c29cm;
856 _uKOENG NARITHY
942 _cAGR
999 _c11576
_d11576